[Event "Tamil Nadu IM 18th"]
[Site "Pollachi"]
[Date "2024.02.17"]
[Round "7"]
[White "Parvathareddy, Ajay Santhosh"]
[Black "Sitnikov, Anton"]
[Result "1-0"]
[WhiteElo "2148"]
[BlackElo "2362"]
[PlyCount "119"]
[EventDate "2024.02.13"]
[EventType "tourn"]
[EventRounds "9"]
[EventCountry "IND"]
[SourceTitle "CB08_2024"]
[SourceDate "2024.02.21"]
[SourceVersion "1"]
[SourceVersionDate "2024.02.21"]
[SourceQuality "1"]

1. d4 d5 2. c4 c6 3. Nc3 dxc4 4. e3 b5 5. a4 b4 6. Ne4 Qd5 7. Nd2 Ba6 8. Qc2 c3 9. bxc3 Bxf1 10. e4 Qd7 11. Nxf1 e6 12. Nf3 a5 13. cxb4 axb4 14. N1d2 Nf6 15. 0-0 Be7 16. Bb2 Qb7 17. Rfc1 0-0 18. Ne5 Rc8 19. Nb3 Nbd7 20. Nxc6 Bf8 21. Nba5 Qa6 22. f3 Qxa5 23. Nxa5 Rxc2 24. Rxc2 Rxa5 25. Rc7 Nb6 26. Rb7 Nxa4 27. Bc1 Nc5 28. Rxa5 Nxb7 29. Ra8 Nd7 30. Ra7 Ndc5 31. Be3 b3 32. dxc5 Nxc5 33. Ra8 Nd3 34. Rb8 b2 35. Bd4 h5 36. Bxb2 Nxb2 37. Rxb2 g6 38. g3 Kg7 39. Rb7 Bc5+ 40. Kg2 g5 41. f4 gxf4 42. gxf4 Kg6 43. Kf3 Bd4 44. e5 Bc3 45. Rd7 Ba5 46. Rb7 Bc3 47. Ke4 h4 48. Rb3 Ba5 49. Kf3 f6 50. Rb5 Bc3 51. exf6 Bxf6 52. Kg4 Bd8 53. h3 Bf6 54. Ra5 Bd8 55. Re5 Kf7 56. Rg5 Bc7 57. Rb5 Bd8 58. Rb7+ Kg6 59. Ra7 Bf6 60. Rd7 1-0